书目信息 |
| 题名: |
建筑师 88
|
|
| 作者: | 建筑师编辑部 | |
| 分册: | ||
| 出版信息: | 北京 中国建筑工业出版社 1996.06 |
|
| 页数: | 112页 | |
| 开本: | 16开 | |
| 丛书名: | ||
| 单 册: | ||
| 中图分类: | TU-55 | |
| 科图分类: | ||
| 主题词: | 建筑学 | |
| 电子资源: | ||
| ISBN: | 7-112-03660-7 | |
| 000 | 00521nam0 2200181 45 | |
| 001 | 0199003885 | |
| 005 | 20091102170045.89 | |
| 010 | @a7-112-03660-7@d18.00元 | |
| 100 | @a19990804d km y0chiy0120 ea | |
| 101 | 0 | @achi |
| 105 | @a z 000yy | |
| 200 | 1 | @Ajian zhu shi 88@FJIAN ZHU SHI BIAN JIBU@a建筑师 88@f建筑师编辑部 |
| 210 | @a北京@c中国建筑工业出版社@d1996.06 | |
| 215 | @a112页@c无图表@d16开 | |
| 606 | 0 | @a建筑学 |
| 690 | @aTU-55@v3 | |
| 801 | @aCN@bPftUser@c20091102 | |
| 905 | @dTU-55@eJ:801:88@b318537-541@f5 | |
| 建筑师 88/建筑师编辑部.-北京:中国建筑工业出版社,1996.06 |
| 112页:无图表;16开 |
| ISBN 7-112-03660-7:18.00元 |
| ● |
| 相关链接 |
|
|
|
正题名:建筑师 88
索取号:TU-55/J:801:88
 
预约/预借
| 序号 | 登录号 | 条形码 | 馆藏地/架位号 | 状态 | 备注 |
| 1 | 318537 | 203185374 | 自科二线404/404自科库 2排2列3层/ [索取号:TU-55/J:801:88] | 在馆 | |
| 2 | 318538 | 203185383 | 建筑库101/101建筑库 13排4列4层/ [索取号:TU-55/J:801:88] | 在馆 | |
| 3 | 318539 | 203185392 | 自科二线404/404自科库 2排2列3层/ [索取号:TU-55/J:801:88] | 在馆 | |
| 4 | 318540 | 203185409 | 建筑库101/101建筑库 13排4列4层/ [索取号:TU-55/J:801:88] | 在馆 | |
| 5 | 318541 | 203185418 | 建筑库101/101建筑库 13排4列4层/ [索取号:TU-55/J:801:88] | 在馆 |